Democracia, gobernanza y desarrollo en el Mercosur: hacia un proyecto propio en el siglo XXI /
En este artículo, el autor se centra en analizar de manera general los problemas de la violencia y el desarrollo en América Latina. En primer lugar intenta vincular la evolución entre dichos fenómenos, para posteriormente mostrar las interpretaciones que se han desplegado en los últimos años al resp...
Gardado en:
| Autor Principal: | |
|---|---|
| Outros autores: | |
| Formato: | Texto |
| Publicado: |
UY:
UNESCO. CLACSO
|
| Materias: | |
| Etiquetas: |
Engadir etiqueta
Sen Etiquetas, Sexa o primeiro en etiquetar este rexistro!
|
MARC
| LEADER | 00000 a a2200000 04500 | ||
|---|---|---|---|
| 001 | 33948 | ||
| 003 | |||
| 040 | |||
| 020 | |a 9974-0-02-62-1 | ||
| 090 | |a 0001 S572d | ||
| 100 | |a Sierra, Gerónimo de | ||
| 245 | |a Democracia, gobernanza y desarrollo en el Mercosur: hacia un proyecto propio en el siglo XXI / |c Gerónimo de Sierra | ||
| 260 | |a UY: |b UNESCO. CLACSO | ||
| 300 | |a 242 p. | ||
| 520 | |a En este artículo, el autor se centra en analizar de manera general los problemas de la violencia y el desarrollo en América Latina. En primer lugar intenta vincular la evolución entre dichos fenómenos, para posteriormente mostrar las interpretaciones que se han desplegado en los últimos años al respecto y por último, plantea desde su punto de vista cuáles son los dilemas que enfrentan hoy las sociedades ante este problema | ||
| 650 | |a DESARROLLO | ||
| 650 | |a VIOLENCIA | ||
| 650 | |a DESIGUALDAD | ||
| 650 | |a AMERICA LATINA | ||
| 700 | |a comp. |a Bernales Alvarado, Manuel |a comp. |a Riella, Alberto |a col. | ||
| 999 | |c 1861 |d 1861 | ||



